000 00455cam a2200181ua 4500
001 5927
008 131029n ii |||gr||||Z||||||asm
020 _a81-7339-178-5
040 _cMAIN
082 _a940
245 _aEuropar Somu Buranji
_cBy D.N. Bhattacharya
260 _aGuwahati:
_bBanalata,
_c1997.
_aDibrugarh:
300 _ax,320p.
653 _aHistory
653 _aEuropar Somu Buranji
700 _aBhattacharya,D.N.,
_eAuthor.
942 _cBK
999 _c5081
_d5081